| 000 | 00919nam a22002537a 4500 | ||
|---|---|---|---|
| 005 | 20170124103102.0 | ||
| 010 | _aB-073489 | ||
| 020 |
_c125.00 _a817119768 |
||
| 035 | _aB-073489 | ||
| 037 | _bCen Lib/Ret | ||
| 040 |
_aDPL _bHN |
||
| 082 |
_aक _bपुष्पिता |
||
| 100 |
_aपुष्पिता _977357 |
||
| 245 |
_aगोखरू / _cपुष्पिता |
||
| 246 |
_aGokhru _bby Pushpita |
||
| 260 |
_a दिल्ली _bराधाकृषण प्रकाशन _c2002 |
||
| 270 |
_aजी-17, जगतपुरी _b दिल्ली _e110051 |
||
| 300 |
_a91पृष्ठ. _c21सेमी(सजिल्द) |
||
| 650 |
_aहिंदी साहित्य _977358 |
||
| 650 |
_aहिंदी कहानी _977359 |
||
| 650 |
_aHindi literature _977360 |
||
| 650 |
_aHindi story _943117 |
||
| 942 |
_2ddc _cHN _hक _mपुष्पिता |
||
| 999 |
_c117891 _d117891 |
||